000 00495nmm a2200169Ia 4500
008 251105s9999||||xx |||||||||||||||||und||
020 _a9788427717541
041 _aspa
100 _aMartínez Ocaña, Emma
245 0 _aBuscadores de felicidad
264 _a[Madrid, España] :
_bNarcea Ediciones,
_c2014
300 _a288 páginas
490 _aLibros de Espiritualidad
650 _aMind, body and spirituality
856 _uhttps://public.digitaliapublishing.com/a/40966
942 _cCF
999 _c80739
_d80739